Vigas laminadas
Descripción Física:
1 f. plegat : quadres ; 16 cm
MARC
| LEADER | 00000nam a2200000Ia 4500 | ||
|---|---|---|---|
| 001 | 18697 | ||
| 008 | 160829s9999 xx 000 0 cat d | ||
| 080 | |a RF-3-49 | ||
| 245 | |a Vigas laminadas | ||
| 260 | |a Barcelona : |b Henrich, [19-- ?] | ||
| 300 | |a 1 f. plegat : |b quadres ; |c 16 cm | ||
| 590 | |a Prové de 3275. | ||
| 590 | |a A la part superior de la portada: Material para ferrocarriles y construcciones, S.A. Fabricación de hierros y aceros, construcciones metálicas, coches y vagones para ferrocarriles y tranvías | ||
| 650 | 0 | |a Laminatge (Metal·lúrgia) |9 47457 | |
| 650 | |a Ferrocarrils |9 46596 | ||
| 856 | 4 | |u https://media.diba.cat/diba/fitxers/arxiu/fulletons/bib_18697_1900_baixa.pdf |y Accés lliure | |
| 856 | 4 | |u https://media.diba.cat/diba/fitxers/arxiu/fulletons/bib_18697_1900_baixa.pdf |y Accés lliure | |
| 901 | |a Arxiu | ||
| 942 | |n 1 |2 udc | ||
| 952 | |0 0 |1 0 |4 0 |6 RF349 |7 1 |9 53892 |a Arxiu |b Arxiu |d 2016-12-01 |l 0 |o RF-3-49 |p 18697 |r 2016-12-01 00:00:00 |w 2016-12-01 |y ARXIU | ||
| 999 | |c 57759 |d 57759 | ||
| 900 | |a bib_18697_1900_baixa.pdf | ||